| 000 | 01315cam a22002774a 4500 | ||
|---|---|---|---|
| 001 | 14983112 | ||
| 005 | 20141211104007.0 | ||
| 008 | 070828s2007 ph ab f000 0 eng | ||
| 010 | _a 2006425182 | ||
| 020 | _a9789712718526 | ||
| 040 |
_aDLC _cDLC _dDLC |
||
| 042 | _alcode | ||
| 043 | _aa-ph--- | ||
| 050 | 0 | 0 |
_aNX 750.P6 _b.L34 2007 |
| 245 | 0 | 0 |
_aLakbay sining : _breadings on cultural development in the Philippines / |
| 260 |
_a[Manila] : _bCultural Center of the Philippines and Anvil Pub. ; _aPasig City, Philippines : _bExclusively distributed by Anvil Pub., _c2007. |
||
| 300 |
_a228 pages : _billustration, map ; _c26 cm. |
||
| 505 | 0 | _aNational and regional cultural development in the Philippines -- Theaters as a powerful tool in community development -- Local arts councils and community cultural organizations -- Writing and performing the stories of our times -- Artists and cultural workers on the road -- Insights on Pilak, the silver year of CCP's outreach and exchange program. | |
| 650 | 0 |
_aPerforming arts _zPhilippines. |
|
| 651 | 0 |
_aPhilippines _xCultural policy. |
|
| 710 | 2 | _aCultural Center of the Philippines. | |
| 710 | 2 | _aAnvil Publishing, Inc. | |
| 906 |
_a7 _bcbc _corigode _d3 _encip _f20 _gy-gencatlg |
||
| 942 |
_2lcc _cBK _kFIL |
||
| 999 |
_c276929 _d276929 |
||